[Event "American Continental 14th"]
[Site "Montevideo"]
[Date "2018.06.03"]
[Round "3"]
[White "Mordetzki, Ariel"]
[Black "Campora, Edgardo"]
[Result "0-1"]
[WhiteElo "1542"]
[BlackElo "1772"]
[PlyCount "52"]
[EventDate "2018.06.01"]
[EventType "swiss"]
[EventRounds "11"]
[EventCountry "URU"]
[SourceTitle "CBM 184 Extra"]
[Source "ChessBase"]
[SourceDate "2018.06.28"]
[SourceVersion "1"]
[SourceVersionDate "2018.06.28"]
[SourceQuality "1"]

1. e4 g6 2. d4 Bg7 3. Nc3 d6 4. Be3 Nf6 5. f3 a6 6. Qd2 Nbd7 7. Bh6 0-0 8. Bxg7 Kxg7 9. h4 e5 10. Nge2 c5 11. dxe5 dxe5 12. 0-0-0 Qa5 13. h5 Rd8 14. hxg6 fxg6 15. Qh6+ Kg8 16. Kb1 Nf8 17. Rxd8 Qxd8 18. Nc1 Be6 19. Nd3 Qc7 20. Qg5 N6d7 21. f4 exf4 22. Nxf4 Bf7 23. Ncd5 Qd6 24. Bc4 Re8 25. Re1 b5 26. Be2 Re5 0-1

[Event "Montevideo Duchamp Cup 2nd"]
[Site "Montevideo"]
[Date "2018.02.04"]
[Round "5"]
[White "Ortiz, Jorge Daniel"]
[Black "Mordetzki, Ariel"]
[Result "1/2-1/2"]
[WhiteElo "1789"]
[BlackElo "1534"]
[PlyCount "39"]
[EventDate "2018.02.02"]
[EventType "swiss"]
[EventRounds "9"]
[EventCountry "URU"]
[SourceTitle "CBM 182 Extra"]
[Source "ChessBase"]
[SourceDate "2018.02.23"]
[SourceVersion "1"]
[SourceVersionDate "2018.02.23"]
[SourceQuality "1"]

1. e4 e6 2. d4 d5 3. exd5 exd5 4. c4 Nf6 5. Nc3 Be7 6. Bd3 0-0 7. Nge2 dxc4 8. Bxc4 Nbd7 9. 0-0 Nb6 10. Bb3 Nbd5 11. Nf4 c6 12. Nfxd5 Nxd5 13. Nxd5 cxd5 14. Bf4 Be6 15. Qf3 Bf6 16. Be5 Bxe5 17. dxe5 Qg5 18. Rfe1 Rfe8 19. Rad1 Bg4 20. Qxd5 1/2-1/2

[Event "Montevideo Duchamp Cup 2nd"]
[Site "Montevideo"]
[Date "2018.02.04"]
[Round "4"]
[White "Silva Rosas, Natalia"]
[Black "Mordetzki, Ariel"]
[Result "1/2-1/2"]
[WhiteElo "1851"]
[BlackElo "1534"]
[PlyCount "73"]
[EventDate "2018.02.02"]
[EventType "swiss"]
[EventRounds "9"]
[EventCountry "URU"]
[SourceTitle "CBM 182 Extra"]
[Source "ChessBase"]
[SourceDate "2018.02.23"]
[SourceVersion "1"]
[SourceVersionDate "2018.02.23"]
[SourceQuality "1"]

1. e4 e6 2. d4 d5 3. Nc3 Nf6 4. e5 Nfd7 5. Qg4 g6 6. Bg5 Be7 7. Bh6 Bf8 8. Qh3 a6 9. Bxf8 Kxf8 10. Qh6+ Kg8 11. f4 Qf8 12. Qh3 c5 13. Nf3 Nc6 14. Rd1 Nb6 15. Be2 Bd7 16. a4 Nc8 17. Nxd5 exd5 18. Qxd7 cxd4 19. Qxd5 N8e7 20. Qe4 Nf5 21. Ng5 Qb4+ 22. Kf2 Kg7 23. Rd3 h6 24. Rb3 Qc5 25. Ke1 hxg5 26. g4 Ne3 27. c4 gxf4 28. e6 Rae8 29. Rxb7 Rxe6 30. Qxe6 Nd8 31. b4 Nxb7 32. Qxe3 Qxb4+ 33. Qd2 Qb1+ 34. Qd1 Qe4 35. Kf2 Qe3+ 36. Kg2 Nd6 37. Bf3 1/2-1/2

[Event "Wch U18"]
[Site "Montevideo"]
[Date "2017.09.22"]
[Round "6"]
[White "Mordetzki, Ariel"]
[Black "Dotta, Gian Franco"]
[Result "0-1"]
[WhiteElo "1536"]
[BlackElo "1916"]
[PlyCount "46"]
[EventDate "2017.09.17"]
[EventType "swiss"]
[EventRounds "11"]
[EventCountry "URU"]
[SourceTitle "CBM 180 Extra"]
[Source "ChessBase"]
[SourceDate "2017.10.06"]
[SourceVersion "1"]
[SourceVersionDate "2017.10.06"]
[SourceQuality "1"]

1. e4 e6 2. d4 d5 3. Nd2 Nf6 4. e5 Nfd7 5. Bd3 c5 6. c3 Nc6 7. Ne2 cxd4 8. cxd4 f6 9. Nf4 Nxd4 10. Qh5+ Ke7 11. exf6+ gxf6 12. Ng6+ hxg6 13. Qxh8 Ne5 14. Qh7+ Kd6 15. Bxg6 Bd7 16. 0-0 Bb5 17. Re1 Qb6 18. Bh5 Bd3 19. Qh8 Nc2 20. Rxe5 fxe5 21. Nf3 Nxa1 22. Qxe5+ Kd7 23. Bf7 Rc8 0-1